1715 1678 1868 1619 1922 1610 1211 1838 1308 1746 1420 1651 1560 1625 1384 1020 1941 1717 1198 1941 1940 1440 1450 1630 1129 1102 1353 1633 1768 1916 1294 1250 1634 1043 1303 1953 1534 1393 1671 1742 1398 1349 1598 1664 1240 1518 1515 1769 1737 1982 1796 1283 1326 1313 1700 1798 1901 1849 1128 1865 1090 1903 1151 1754 1483 1928 1669 1608 1888 1993 1978 1685 1937 1376 1044 1434 1624 1741 1008 1664 1230 1771 1803 1895 1300 1277 1677 1155 1495 1680 1773 1675 1451 1172 1911 1951 1428 1039 1099 BCNSPRNW ULIB Ver.6.0+V

เปลี่ยนเป็นภาษาไทย

Change to English
 แสดงรายละเอียดบรรณานุกรม
  กลับหน้าหลัก

Brief Record : Get Marc (ISO 2709) : E-mail record : QR code < ปิดหน้าต่าง
LEADER : 00000nam 2200000uu 4500
001    13399127750
003     ULIB
008    210518s2557||||th 000 0 tha d
020    ู^a9786163693808
050    ^aนว^bซ119ม^cล.10
100    ^aซ็อลบง
245    ^aมหากาพย์เทพมรณะ เล่ม 10
250    ^aพิมพ์ครั้งที่ 1
260    ^aกรุงเทพฯ :^bสยามอินเตอร์บุ๊คส์,^c2557
300    ^a218 หน้า;^b21 ซม.
650    ^aนวนิยาย
945    ^p200^l0^i008061
999    ^aประนอม เกษจรัล
รายการนี้ยังไม่มีแท็ก
คุณยังไม่ได้ล็อกอิน คุณสามารถมีกิจกรรมร่วมกับเว็บไซต์ได้ แต่ต้องล็อกอินก่อน ::
  ล็อกอิน

รายการสื่อสารสนเทศ

ลำดับที่ ประเภท เลขเรียก/บาร์โค้ด สถานที่ สถานะ
1. นวนิยาย
นวนิยาย
นว ซ119ม ล.10 ฉ.1 
  Barcode: 008061
ห้องสมุดวิทยาเขตนครสวรรค์
►นวนิยาย:l:Fiction
บนชั้น
Note:บริจาค

รายการใกล้เคียง
    ผู้แต่ง [ซ็อลบง]

    หัวเรื่อง [นวนิยาย]

BibComment


ยังไม่เคยถูกคอมเมนท์

คอมเมนท์ทรัพยากรรายการนี้
  คอมเมนท์: มหากาพย์เทพมรณะ ..


 Copyright 2026. Bcnsprnw @Library